Normal view
MARC view
Entry Personal Name
001 - CONTROL NUMBER
- control field: 36925
003 - CONTROL NUMBER IDENTIFIER
- control field: OSt
005 - DATE AND TIME OF LATEST TRANSACTION
- control field: 20160204165823.0
008 - FIXED-LENGTH DATA ELEMENTS
- fixed length control field: 160204|| aca||aabn | a|a d
040 ## - CATALOGING SOURCE
- Original cataloging agency: OSt
- Transcribing agency: OSt
100 ## - HEADING--PERSONAL NAME
- Personal name: एस आर रंगनाथन
670 ## - SOURCE DATA FOUND
- Source citation: Work cat.: (OSt)28075: एस आर रंगनाथन , पुस्तकालय विज्ञान के पॉच सूत्र , 1980









